Convenio centroamericano para la prevención y la represión de los delitos de lavado de dinero y de activos, relacionados con el tráfico ilícito de drogas y delitos conexos

Guardado en:
Bibliografiske detaljer
Format: Texto
Fag:
Tags: Tilføj Tag
Ingen Tags, Vær først til at tagge denne postø!

MARC

LEADER 00000 a a2200000 04500
001 16156
003
040
245 |a Convenio centroamericano para la prevención y la represión de los delitos de lavado de dinero y de activos, relacionados con el tráfico ilícito de drogas y delitos conexos 
650 |a SEGURIDAD SOCIAL  
650 |a ACUERDOS INTERNACIONALES  
650 |a LAVADO DE DINERO  
650 |a TRAFICO DE DROGAS  
650 |a DELITOS  
773 |g número 52; páginas 554-569  
999 |c 30642  |d 30642